|
|
|
|
| LEADER |
01008nam a2200241 a 4500 |
| 001 |
2788455 |
| 008 |
090512s1995 bg a 000 0 eng d |
| 010 |
|
|
|a 95910463 //r96
|
| 020 |
|
|
|a 9840513028
|
| 040 |
|
|
|a DLC
|c DLC
|d CU
|d NIC
|
| 082 |
|
|
|a 633.1/8/09549
|2 21
|
| 245 |
|
|
|a Crop diversification :
|b findings from a field research programme /
|c editors, M.A.S. Mandal, S.C. Dutta.
|
| 260 |
|
|
|a Dhaka :
|b University Press,
|c 1995.
|
| 300 |
|
|
|a xx, 151 p. :
|b ill. (some col.), map ;
|c 22 cm.
|
| 504 |
|
|
|a Includes bibliographical references (p. [133]-134).
|
| 541 |
1 |
|
|e 00004616
|
| 520 |
|
|
|a Contributed articles on cropping systems in Bangladesh.
|
| 650 |
0 |
|
|a Cropping systems
|z Bangladesh.
|
| 700 |
1 |
|
|a Mandal, M. A. S.
|
| 700 |
1 |
|
|a Dutta, S. C.
|
| 852 |
4 |
|
|a Ayesha Abed Library
|j Generalshelf
|
| 999 |
|
|
|c 605
|d 605
|
| 952 |
|
|
|0 0
|1 0
|2 ddc
|4 0
|6 633_180954900000000_CRO_1995
|7 0
|9 10708
|a BRACUL
|b BRACUL
|c GEN
|d 2010-06-07
|g 300.00
|l 0
|o 633.1809549 CRO
|p 3010005436
|r 2010-06-07
|t 2
|w 2010-06-07
|y BK
|